| 000 | 00447cam a2200181ua 4500 | ||
|---|---|---|---|
| 020 | _c2.25 | ||
| 041 |
_amal _h |
||
| 082 |
_a894.8121 _bPAR/SV |
||
| 100 | _aParameswaran, Nampoodiri . | ||
| 245 |
_aSukasandesam / _cParameswaran Nampoodiri. _hTextual Documents |
||
| 250 |
_a1 / _b. |
||
| 260 |
_aKottayam : _bNational Book Stall , _c1963. |
||
| 300 | _a188 ; . | ||
| 365 | _a2.25 | ||
| 504 | _a | ||
| 942 | _cBK | ||
| 999 |
_c3853 _d3853 |
||